000 00506nam a2200181Ia 4500
005 20251211145931.0
008 231207s9999 xx 000 0 und d
020 _a9780240803685
040 _cPK-LaNCA
082 _a778.53
_bROG
100 _aRogers, Pauline B.
245 0 _aMore contemporary cinematographers on their art
260 _bFocal Press
_aMassachusetts
_c2000
300 _axii, 199p
546 _aEnglish
650 _aCinematography. Cinematographers--Interviews. FTV.
942 _cF&TV
999 _c19353
_d19353